000 00730nam a2200241 i 4500
001 129558
003 ES-MaACL
005 20250919110345.0
007 t|
008 070626s1965 sp ||||1| spa d
080 _a248
100 1 _aThurian, Max.
_9110184
245 1 3 _aEl hombre moderno y la vida espiritual /
_cMax Thurian ; traductor Juan Estruch.
250 _a[1ยช ed.].
260 _aBarcelona :
_bEstela,
_c1965.
300 _a89 p. ;
_c20 cm.
490 1 _aLibros de Espiritualidad ;
_v18
650 4 _aVida espiritual.
_912505
700 1 _aEstruch, Joan,
_d1943-
_948256
830 0 0 _aLibros de espiritualidad
_v18
_9219347
852 _aES-MaACL
_jC-28154
_bR.57581
999 _c129558
_d129558